Catálogo
 En Linea

Vicepresidentes de la República Dominicana / (Registro nro. 14961)

Detalles MARC
000 -CABECERA
campo de control de longitud fija 00770nam a2200205 a 4500
001 - NÚMERO DE CONTROL
campo de control 000015402
005 - FECHA Y HORA DE LA ÚLTIMA TRANSACCIÓN
campo de control 20240313073816.0
008 - DATOS DE LONGITUD FIJA--INFORMACIÓN GENERAL
campo de control de longitud fija 100208s2003 dr 001 0 spa d
040 ## - FUENTE DE LA CATALOGACIÓN
Centro catalogador/agencia de origen DO-SdBNP
Lengua de catalogación spa
Centro/agencia transcriptor BNPHU
082 ## - NÚMERO DE LA CLASIFICACIÓN DECIMAL DEWEY
Número de clasificación 923.2
Número de documento/Ítem V468v
100 1# - ENTRADA PRINCIPAL--NOMBRE DE PERSONA
Nombre de persona Ventura, Juan
9 (RLIN) 34784
245 10 - MENCIÓN DE TÍTULO
Título Vicepresidentes de la República Dominicana /
Mención de responsabilidad, etc. Juan Ventura ; palabras preliminares Lipe Collado.
260 ## - PUBLICACIÓN, DISTRIBUCIÓN, ETC.
Lugar de publicación, distribución, etc. Santo Domingo :
Nombre del editor, distribuidor, etc. Collado,
Fecha de publicación, distribución, etc. 2003.
300 ## - DESCRIPCIÓN FÍSICA
Extensión 101 p. :
Otras características físicas 21 cm.
500 ## - NOTA GENERAL
Nota general Incluye índice onomástico.
650 #4 - PUNTO DE ACCESO ADICIONAL DE MATERIA--TÉRMINO DE MATERIA
Término de materia o nombre geográfico como elemento de entrada Vicepresidentes
Subdivisión geográfica República Dominicana
Subdivisión general Biografias
Subdivisión cronológica 1854-2003
Fuente del encabezamiento o término SEARS
9 (RLIN) 34785
650 #7 - PUNTO DE ACCESO ADICIONAL DE MATERIA--TÉRMINO DE MATERIA
Término de materia o nombre geográfico como elemento de entrada Políticos
Subdivisión geográfica República Dominicana
Subdivisión de forma BIOGRÁFIAS
Subdivisión cronológica 1854-2003
9 (RLIN) 34786
700 1# - PUNTO DE ACCESO ADICIONAL--NOMBRE DE PERSONA
Nombre de persona Collado, Lipe,
Fechas asociadas al nombre 1947-
9 (RLIN) 79819
910 ## - DATOS DE OPCIÓN DEL USUARIO (OCLC)
Datos de opción del usuario Validado. Control de calidad MFF
Existencias
Estado de retiro Estado de pérdida Restricciones de uso No para préstamo Código de colección Localización permanente Ubicación/localización actual Ubicación en estantería Fecha de adquisición Número de inventario Total de préstamos Signatura topográfica completa Código de barras Fecha visto por última vez Número de copia Precio válido a partir de Tipo de ítem Koha
        Dominicana de Servicio General General Depósito 08.02.2010 LF1   923.2 V468v 15402-30 25.06.2020 e. 3 25.06.2020 Libro y Folleto Colección Dominicana de Servicio
        Dominicana de Servicio General General Depósito 08.02.2010 LF1   923.2 V468v 15402-40 25.06.2020 e. 4 25.06.2020 Libro y Folleto Colección Dominicana de Servicio
        Dominicana de Servicio General General Depósito 08.02.2010 LF1   923.2 V468v 15402-50 25.06.2020 e. 5 25.06.2020 Libro y Folleto Colección Dominicana de Servicio
      Excluido de préstamo Patrimonio Dominicano Patrimonio Dominicano Patrimonio Dominicano Depósito 08.02.2010 LF1   923.2 V468v 15402-10 25.06.2020   25.06.2020 Libro y Folleto Colección Patrimonio Dominicano
      Excluido de préstamo Patrimonio Dominicano Patrimonio Dominicano Patrimonio Dominicano Depósito 08.02.2010 LF1   923.2 V468v 15402-20 25.06.2020 e. 2 25.06.2020 Libro y Folleto Colección Patrimonio Dominicano

Con tecnología Koha